[Event "EU-chT Seniors 07th"]
[Site "Dresden"]
[Date "2005.02.22"]
[Round "5"]
[White "Wade, Robert Graham"]
[Black "Alexandria, Nana"]
[Result "1/2-1/2"]
[WhiteElo "2164"]
[BlackElo "2336"]
[EventDate "2005.02.18"]
[PlyCount "131"]

1.d4 Nf6 2.Nc3 d5 3.Bg5 Nbd7 4.e3 e6 5.f4 c5 6.Bb5 Be7 7.Nf3 a6 8.Bxd7+ 
Bxd7 9.O-O O-O 10.Ne5 cxd4 11.exd4 Ne8 12.Bxe7 Qxe7 13.Qd3 Nd6 14.Rae1 Bb5
15.Nxb5 axb5 16.a3 Nc4 17.Nxc4 bxc4 18.Qe3 Qd7 19.c3 Ra6 20.f5 exf5 21.Qe7
Qxe7 22.Rxe7 Rb6 23.Rxf5 Rxb2 24.Rxd5 g6 25.Rdd7 b5 26.Rb7 Rb3 27.d5 Rxc3 
28.Rxb5 Rxa3 29.Rc5 Rd3 30.Rxc4 Rxd5 31.Rec7 Rdd8 32.h4 h5 33.Kh2 Kg7 34.
Re4 Rd2 35.Rf4 Rd6 36.Rb7 Rf6 37.Rxf6 Kxf6 38.Rb6+ Kg7 39.Rb7 Rd8 40.Ra7 
Rd4 41.Kh3 Rd3+ 42.Kh2 Kf6 43.Rb7 Ke6 44.Rb8 Ke5 45.Rb7 f6 46.Rg7 Kf5 47.
Rg8 Rd4 48.Kh3 Rg4 49.Ra8 Re4 50.Rg8 Re3+ 51.Kh2 g5 52.hxg5 fxg5 53.Ra8 h4
54.Ra5+ Kf4 55.Ra4+ Kf5 56.Ra5+ Kg4 57.Ra4+ Kh5 58.Ra5 Re4 59.Kh3 Re3+ 60.
Kh2 Re6 61.Kh3 Kg6 62.Ra4 Re3+ 63.Kh2 Kf5 64.Ra5+ Re5 65.Rxe5+ Kxe5 66.g3 
1/2-1/2

[Event "EU-chT Seniors 07th"]
[Site "Dresden"]
[Date "2005.02.22"]
[Round "5"]
[White "Weinwurm, Wolfgang"]
[Black "Barnstedt, Dietrich"]
[Result "1-0"]
[WhiteElo "2126"]
[BlackElo "2147"]
[EventDate "2005.02.18"]
[PlyCount "103"]

1.e4 Nf6 2.e5 Nd5 3.c4 Nb6 4.c5 Nd5 5.Bc4 e6 6.d4 d6 7.cxd6 cxd6 8.Nf3 Nc6
9.O-O Be7 10.Qe2 O-O 11.Nc3 Nxc3 12.bxc3 dxe5 13.dxe5 Qa5 14.Bd2 Bd7 15.
Bd3 Rac8 16.Qe4 g6 17.Rfe1 f5 18.exf6 Bxf6 19.Bc4 Nd8 20.Rac1 Qf5 21.Bb3 
Kg7 22.Qe3 Re8 23.Qxa7 e5 24.Qe3 Bc6 25.Qh6+ Kh8 26.Ng5 Bxg5 27.Qxg5 Qxg5 
28.Bxg5 Kg7 29.Re3 Nf7 30.Bh4 e4 31.Rd1 Nh6 32.Bg5 Nf5 33.Ree1 h6 34.Bc1 
Rcd8 35.Rxd8 Rxd8 36.Rd1 Re8 37.h3 Re7 38.c4 h5 39.Bb2+ Kh6 40.Bc1+ Kg7 
41.Rd8 e3 42.fxe3 Nxe3 43.Bb2+ Kh6 44.h4 Nxg2 45.Bf6 Rc7 46.Kf2 Rf7 47.
Rh8+ Rh7 48.Bg5+ Kg7 49.Rc8 Nxh4 50.c5 Rh8 51.Rc7+ Kf8 52.Bxh4 1-0

[Event "EU-chT Seniors 07th"]
[Site "Dresden"]
[Date "2005.02.22"]
[Round "5"]
[White "Weise, Wolfgang"]
[Black "Schroeter, Helmut"]
[Result "1-0"]
[WhiteElo "2141"]
[BlackElo "1969"]
[EventDate "2005.02.18"]
[PlyCount "151"]

1.f4 Nf6 2.Nf3 g6 3.g3 d6 4.Bg2 Bg7 5.d3 c5 6.O-O O-O 7.Nc3 Nc6 8.e4 a6 9.
h3 Ne8 10.Nd5 e6 11.Ne3 d5 12.e5 b5 13.a4 Bb7 14.c3 Nc7 15.d4 cxd4 16.Nxd4
Nxd4 17.Qxd4 Bc6 18.a5 Qd7 19.Nc2 Rac8 20.Be3 f6 21.Nb4 Bb7 22.Qa7 Na8 23.
Nxa6 Rf7 24.Nc5 Qe7 25.Qxb7 Qxb7 26.Nxb7 Rxb7 27.exf6 Bxf6 28.Rfe1 Kf7 29.
g4 Rd7 30.Rad1 Nc7 31.Bb6 Rcd8 32.a6 Nxa6 33.Bxd8 Rxd8 34.f5 gxf5 35.gxf5 
Nc7 36.fxe6+ Ke7 37.Ra1 Kd6 38.Ra7 Re8 39.Re2 h6 40.Bf3 b4 41.e7 bxc3 42.
bxc3 Bxc3 43.Rxc7 Bd4+ 44.Kh1 Kxc7 45.Bh5 Kd7 46.Bxe8+ Kxe8 47.Rd2 Bf6 48.
Rxd5 Kxe7 49.Kg2 Ke6 50.Rb5 Bg5 51.Kf3 Kf6 52.Kg4 Bc1 53.h4 Be3 54.Ra5 Bd2
55.Ra6+ Ke5 56.Kh5 Kf5 57.Ra2 Be3 58.Re2 Bc1 59.Re1 Bd2 60.Rf1+ Ke5 61.Kg6
Ke4 62.h5 Ke5 63.Rf8 Ke6 64.Re8+ Kd7 65.Kf7 Bg5 66.Re6 Bc1 67.Re1 Bg5 68.
Rd1+ Kc6 69.Ke6 Bf4 70.Rd4 Be3 71.Rc4+ Kb7 72.Kd7 Bd2 73.Rc2 Be3 74.Rb2+ 
Ka8 75.Rb3 Bf4 76.Ke6 1-0

[Event "EU-chT Seniors 07th"]
[Site "Dresden"]
[Date "2005.02.22"]
[Round "5"]
[White "Wicklund Hansen, Richard"]
[Black "Ehlert, Joachim"]
[Result "0-1"]
[WhiteElo "2015"]
[BlackElo "2031"]
[EventDate "2005.02.18"]
[PlyCount "54"]

1.e4 c5 2.Nf3 e6 3.d3 g6 4.g3 Bg7 5.Bd2 Bxb2 6.Bc3 Bxa1 7.Bxa1 f6 8.Nbd2 
d6 9.Bg2 e5 10.O-O Be6 11.Qb1 Qb6 12.Nc4 Bxc4 13.dxc4 Qxb1 14.Rxb1 b6 15.
Rd1 Ke7 16.Ne1 Nc6 17.Nd3 Na5 18.f4 Nxc4 19.Kf2 Nh6 20.h3 Nf7 21.Bf1 Na5 
22.fxe5 fxe5 23.h4 Rhf8 24.Kg1 Nh6 25.Bc3 Nc6 26.Bh3 Nd4 27.Ne1 Ne2+ 0-1

[Event "EU-chT Seniors 07th"]
[Site "Dresden"]
[Date "2005.02.22"]
[Round "5"]
[White "Wilson, Peter JB"]
[Black "Mueller, Siegmar"]
[Result "1/2-1/2"]
[WhiteElo "2123"]
[BlackElo "2089"]
[EventDate "2005.02.18"]
[PlyCount "33"]

1.e4 b6 2.d4 e6 3.Nf3 Bb7 4.Bd3 c5 5.c3 Nf6 6.Nbd2 cxd4 7.cxd4 Bb4 8.O-O 
Bxd2 9.Nxd2 d6 10.Re1 Nc6 11.Nf3 Qe7 12.Bg5 h6 13.Bxf6 Qxf6 14.Rc1 O-O 15.
Qa4 Rfc8 16.Rc2 a6 17.Rec1 1/2-1/2

[Event "EU-chT Seniors 07th"]
[Site "Dresden"]
[Date "2005.02.22"]
[Round "5"]
[White "Winiwarter, Felix"]
[Black "Hampel, Johannes"]
[Result "1-0"]
[WhiteElo "2204"]
[BlackElo "2188"]
[EventDate "2005.02.18"]
[PlyCount "43"]

1.d4 d5 2.c4 e6 3.Nc3 Nf6 4.Nf3 Be7 5.e3 O-O 6.Bd3 dxc4 7.Bxc4 c5 8.O-O a6
9.a4 Nc6 10.Qd3 cxd4 11.exd4 Nb4 12.Qe2 Nbd5 13.Bg5 b6 14.Ne5 Bb7 15.Rfe1 
Qd6 16.Rad1 h6 17.Bc1 Nxc3 18.bxc3 Nd5 19.Rd3 b5 20.Rg3 Bg5 21.Bxg5 hxg5 
22.Qh5 1-0

[Event "EU-chT Seniors 07th"]
[Site "Dresden"]
[Date "2005.02.23"]
[Round "6"]
[White "Alexandria, Nana"]
[Black "Schenk, Manfred"]
[Result "1-0"]
[WhiteElo "2336"]
[BlackElo "2177"]
[EventDate "2005.02.18"]
[PlyCount "37"]

1.d4 d5 2.c4 c6 3.Nf3 Nf6 4.Qc2 e6 5.Bg5 Nbd7 6.e3 Qa5+ 7.Nbd2 Ne4 8.Bf4 
Bb4 9.Bd3 Ndf6 10.a3 Nxd2 11.Nxd2 Ne4 12.axb4 Qxa1+ 13.Nb1 f5 14.cxd5 c5 
15.dxc5 b5 16.Bxb5+ Kf7 17.O-O Ba6 18.dxe6+ Kg6 19.Nc3 1-0

[Event "EU-chT Seniors 07th"]
[Site "Dresden"]
[Date "2005.02.23"]
[Round "6"]
[White "Alter, Helmut"]
[Black "Stavenhagen, Johannes"]
[Result "0-1"]
[WhiteElo "1692"]
[BlackElo "1848"]
[EventDate "2005.02.18"]
[PlyCount "58"]

1.d4 Nf6 2.e3 d5 3.f4 Bg4 4.Nf3 Bxf3 5.Qxf3 c6 6.Bd3 Qb6 7.O-O Nbd7 8.c3 
e6 9.Nd2 c5 10.h3 h5 11.g3 Be7 12.Kg2 O-O-O 13.a4 c4 14.Bc2 Rdg8 15.e4 g5 
16.e5 g4 17.hxg4 Nxg4 18.Rh1 h4 19.Nf1 f5 20.exf6 Ndxf6 21.a5 Qc7 22.a6 b6
23.f5 e5 24.dxe5 Nxe5 25.Qe2 Nh5 26.Rh3 Nxg3 27.Nxg3 Rxg3+ 28.Rxg3 hxg3 
29.Kxg3 Nd3+ 0-1

[Event "EU-chT Seniors 07th"]
[Site "Dresden"]
[Date "2005.02.23"]
[Round "6"]
[White "Anguera Maestro, Jaime"]
[Black "Stuerzenbaum, Arthur"]
[Result "1/2-1/2"]
[WhiteElo "2159"]
[BlackElo "2202"]
[EventDate "2005.02.18"]
[PlyCount "40"]

1.d4 Nf6 2.Nf3 g6 3.g3 Bg7 4.Bg2 d6 5.O-O O-O 6.c4 Nbd7 7.Nc3 e5 8.Bg5 h6 
9.dxe5 dxe5 10.Bxf6 Qxf6 11.Nd5 Qd8 12.Qd2 c6 13.Nc3 Nc5 14.Qc2 Qe7 15.
Rad1 Bf5 16.e4 Bg4 17.h3 Bxf3 18.Bxf3 Rfd8 19.Rxd8+ Rxd8 20.Rd1 h5 1/2-1/2

[Event "EU-chT Seniors 07th"]
[Site "Dresden"]
[Date "2005.02.23"]
[Round "6"]
[White "Appelt, Gerd"]
[Black "Hoen, Ragnar Harald"]
[Result "1-0"]
[WhiteElo "2196"]
[BlackElo "2271"]
[EventDate "2005.02.18"]
[PlyCount "125"]

1.d4 d5 2.c4 e6 3.Nc3 c6 4.Nf3 Nf6 5.Bg5 Nbd7 6.cxd5 exd5 7.Qc2 Qa5 8.Bd2 
Qd8 9.g3 Bd6 10.Bg2 O-O 11.O-O Re8 12.Bf4 Bxf4 13.gxf4 Nf8 14.Ne5 Ng6 15.
e3 Nh4 16.f3 Nd7 17.Qf2 Nxg2 18.Kxg2 f6 19.Nd3 Nb6 20.Rfe1 Nc4 21.e4 dxe4 
22.fxe4 f5 23.e5 Be6 24.b3 Nb6 25.Nc5 Nd5 26.Ne2 Qe7 27.Rac1 Rad8 28.Red1 
Bc8 29.Nd3 Nc7 30.Nb2 Qe6 31.Nc4 Nd5 32.Rd2 Re7 33.a3 Rf8 34.Qh4 g5 35.
fxg5 f4 36.Rf1 b5 37.Nd6 Ne3+ 38.Kg1 Nxf1 39.Kxf1 f3 40.Ng3 Qxb3 41.Nge4 
Rg7 42.Kf2 Rg6 43.Nxc8 Rxc8 44.Nf6+ Rxf6 45.gxf6 Kh8 46.Qg4 Rg8 47.Qxf3 
Qb1 48.Ke3 Qe1+ 49.Re2 Qc1+ 50.Ke4 Qb1+ 51.Kf4 Qc1+ 52.Re3 Qc4 53.Qe4 Qf1+
54.Qf3 Qc4 55.Kf5 h6 56.h4 Qf7 57.e6 Qh7+ 58.Ke5 Qb7 59.Ke4 Qh7+ 60.Kf4 
Qc7+ 61.Re5 Rg6 62.Ke4 Qh7 63.Ke3 1-0

[Event "EU-chT Seniors 07th"]
[Site "Dresden"]
[Date "2005.02.23"]
[Round "6"]
[White "Barlocco, Carlo"]
[Black "Meier, Wolfgang"]
[Result "1/2-1/2"]
[WhiteElo "2156"]
[BlackElo "2159"]
[EventDate "2005.02.18"]
[PlyCount "120"]

1.g3 c5 2.Bg2 Nc6 3.e4 g6 4.Ne2 Bg7 5.c3 d6 6.O-O Bg4 7.h3 Bd7 8.d4 e5 9.
dxc5 dxc5 10.Na3 Nf6 11.Qd6 Bf8 12.Qd3 Be6 13.Qxd8+ Rxd8 14.Bg5 Be7 15.b3 
h6 16.Be3 Kf8 17.Rfd1 Kg7 18.Nb5 Rxd1+ 19.Rxd1 Ne8 20.f4 a6 21.Na3 b5 22.
fxe5 Nxe5 23.Nf4 Nc7 24.Nc2 Rc8 25.Bf2 a5 26.Ne3 c4 27.Ned5 Nxd5 28.Nxd5 
Bc5 29.Bf1 cxb3 30.axb3 b4 31.c4 Bxf2+ 32.Kxf2 Rc5 33.Ke3 Rc8 34.Nf4 g5 
35.Nxe6+ fxe6 36.Rd6 Rc6 37.Rxc6 Nxc6 38.c5 e5 39.Bc4 Kf6 40.Bd5 Nd4 41.
Kd3 Ke7 42.Kc4 Kd7 43.h4 Kc7 44.c6 gxh4 45.gxh4 Kb6 46.c7 Kxc7 47.Kc5 Kd7 
48.h5 Ke7 49.Kb6 Kd6 50.Kxa5 Kc5 51.Ka4 Ne2 52.Ka5 Nc3 53.Bb7 Na2 54.Bd5 
Kd4 55.Kb5 Kc3 56.Kc5 Nc1 57.Kd6 Nxb3 58.Kxe5 Nd2 59.Kf6 Kd4 60.Kg6 Nxe4 
1/2-1/2

[Event "EU-chT Seniors 07th"]
[Site "Dresden"]
[Date "2005.02.23"]
[Round "6"]
[White "Baumbach, Friedrich"]
[Black "Golcman, Evgeny"]
[Result "1-0"]
[WhiteElo "2279"]
[BlackElo "2336"]
[EventDate "2005.02.18"]
[PlyCount "115"]

1.d4 Nf6 2.c4 g6 3.Nc3 Bg7 4.e4 d6 5.Nf3 O-O 6.Be2 e5 7.O-O Nc6 8.d5 Ne7 
9.b4 Ne8 10.Nd2 f5 11.Bf3 Nf6 12.Ba3 Rf7 13.Rc1 c6 14.dxc6 bxc6 15.b5 f4 
16.c5 dxc5 17.Bxc5 cxb5 18.Nxb5 Be6 19.Nc4 Nc6 20.Qa4 Ne8 21.Qa6 Qc8 22.
Qxc8 Bxc8 23.Ncd6 Nxd6 24.Nxd6 Ba6 25.Nxf7 Bxf1 26.Kxf1 Kxf7 27.Bd1 Nd4 
28.Bxd4 exd4 29.Bb3+ Kf6 30.Rc6+ Kg5 31.Rc5+ Kh6 32.Ke2 a5 33.Bd5 Ra7 34.
a4 Bf6 35.Bc4 Be7 36.Rb5 Bb4 37.Kd3 Bc3 38.e5 g5 39.Ke4 Rc7 40.Bd3 Kg7 41.
Kf5 h6 42.Rb6 Rf7+ 43.Kg4 f3 44.gxf3 Rf4+ 45.Kg3 Rf8 46.Rg6+ Kf7 47.Rxh6 
Bd2 48.Kg4 Bf4 49.Rf6+ Ke7 50.Rxf8 Kxf8 51.h4 Bxe5 52.hxg5 Bd6 53.f4 Kf7 
54.f5 Bc7 55.f6 Ke6 56.f4 Bd6 57.Bc4+ Kd7 58.g6 1-0

[Event "EU-chT Seniors 07th"]
[Site "Dresden"]
[Date "2005.02.23"]
[Round "6"]
[White "Baumgartner, Heinz"]
[Black "Krieger, Hermann"]
[Result "1/2-1/2"]
[WhiteElo "2338"]
[BlackElo "2260"]
[EventDate "2005.02.18"]
[PlyCount "71"]

1.Nf3 f5 2.d4 Nf6 3.Nc3 g6 4.Bg5 Bg7 5.Bxf6 Bxf6 6.e4 fxe4 7.Nxe4 O-O 8.
Qd2 d5 9.Nxf6+ exf6 10.O-O-O Nc6 11.h3 Qd6 12.Kb1 Rb8 13.Bd3 Nb4 14.Be2 b5
15.g4 a5 16.Ne1 f5 17.f3 Be6 18.Nd3 Nxd3 19.Bxd3 a4 20.Rde1 Bd7 21.c3 fxg4
22.fxg4 b4 23.c4 a3 24.b3 Rf4 25.Re5 Rxd4 26.Rxd5 Rxd5 27.cxd5 Re8 28.Bc4 
Re5 29.Rd1 Kg7 30.Qd4 Qf6 31.Kc2 c5 32.Qxc5 Re4 33.Rd2 Qc3+ 34.Kd1 Qa1+ 
35.Kc2 Qc3+ 36.Kd1 1/2-1/2

[Event "EU-chT Seniors 07th"]
[Site "Dresden"]
[Date "2005.02.23"]
[Round "6"]
[White "Betz, Egon"]
[Black "Bukacek, Emil"]
[Result "0-1"]
[WhiteElo "2031"]
[BlackElo "2240"]
[EventDate "2005.02.18"]
[PlyCount "70"]

1.e4 c5 2.Nc3 Nc6 3.f4 e6 4.Nf3 Nge7 5.Bb5 a6 6.Bxc6 Nxc6 7.d3 d5 8.e5 b5 
9.O-O Be7 10.Qe1 O-O 11.Bd2 f5 12.a3 d4 13.Ne2 Bb7 14.Qg3 Qd7 15.h4 Nd8 
16.h5 Nf7 17.Nh2 Nh6 18.Kf2 Rac8 19.Qh3 c4 20.g4 cxd3 21.cxd3 Rc2 22.Bc1 
fxg4 23.Nxg4 Nxg4+ 24.Qxg4 Qd5 25.Rg1 Rf7 26.Rg3 Qxe5 27.Ke1 Qd5 28.Kd1 
Rc8 29.Bd2 Qb3+ 30.Ke1 Qxb2 31.Rd1 Bf6 32.Qxe6 Bh4 33.Rc1 Bxg3+ 34.Nxg3 
Rxc1+ 35.Bxc1 Qxc1+ 0-1

[Event "EU-chT Seniors 07th"]
[Site "Dresden"]
[Date "2005.02.23"]
[Round "6"]
[White "Boehlig, Heinz"]
[Black "Kahn, Peter"]
[Result "1/2-1/2"]
[WhiteElo "2256"]
[BlackElo "2130"]
[EventDate "2005.02.18"]
[PlyCount "104"]

1.Nf3 d5 2.d4 Nf6 3.c4 e6 4.g3 c6 5.Bg2 Nbd7 6.Qc2 Be7 7.O-O O-O 8.Nbd2 
Re8 9.b3 Bd6 10.Bb2 e5 11.dxe5 Nxe5 12.Rad1 Qe7 13.Rfe1 dxc4 14.Nxc4 Nxc4 
15.Qxc4 Bb4 16.Bxf6 gxf6 17.Rf1 Be6 18.Qh4 Rad8 19.Nd4 f5 20.Qf4 Bc3 21.
Nxf5 Bxf5 22.Qxf5 Qe5 23.Qxe5 Bxe5 24.e3 Kf8 25.f4 Bc7 26.Kf2 Bb6 27.Rxd8 
Rxd8 28.Ke2 Ba5 29.Rd1 Rxd1 30.Kxd1 Ke7 31.g4 h6 32.h4 f6 33.h5 Bc3 34.Ke2
a5 35.Kd3 Bb2 36.a4 Kd6 37.Ke4 Ke6 38.Bf1 b6 39.Bc4+ Ke7 40.Kf5 Bc1 41.Kg6
Bxe3 42.Kxh6 Bxf4+ 43.Kg6 Be5 44.h6 Kf8 45.h7 f5 46.gxf5 Bh8 47.Bd3 Ke7 
48.Be4 b5 49.Bxc6 bxa4 50.bxa4 Bf6 51.Bd7 Bh8 52.Be6 Bf6 1/2-1/2

[Event "EU-chT Seniors 07th"]
[Site "Dresden"]
[Date "2005.02.23"]
[Round "6"]
[White "Boehnisch, Manfred"]
[Black "Thiessen, Klaus Hinrich"]
[Result "1/2-1/2"]
[WhiteElo "2364"]
[BlackElo "2237"]
[EventDate "2005.02.18"]
[PlyCount "94"]

1.e4 c5 2.Nf3 d6 3.Bb5+ Bd7 4.Bxd7+ Qxd7 5.O-O Nc6 6.b3 Nf6 7.Qe2 e6 8.Bb2
Be7 9.d4 O-O 10.Rd1 cxd4 11.Nxd4 Nxd4 12.Bxd4 Qc6 13.f3 b5 14.c4 bxc4 15.
Qxc4 Qxc4 16.bxc4 Rfc8 17.Nd2 Nd7 18.Kf2 Rc7 19.Rab1 Kf8 20.f4 Bf6 21.Bxf6
Nxf6 22.Rb4 Nd7 23.Ke3 Rac8 24.g3 Nb6 25.Kd4 d5 26.cxd5 exd5 27.e5 Rc2 28.
a3 h5 29.Rb5 Ra2 30.Ra5 Rc7 31.h4 Rcc2 32.Nf1 Rc4+ 33.Kd3 Ra4 34.Rxa4 Nxa4
35.Rc1 Rxa3+ 36.Kd4 Nb6 37.Ne3 Ra4+ 38.Kc5 Ra3 39.Kd4 g6 40.Rc5 Ra4+ 41.
Kd3 Ra1 42.Ke2 Ra2+ 43.Kd3 Ra3+ 44.Kd4 Ra1 45.Rc7 Ra4+ 46.Kd3 Ra3+ 47.Kd4 
Ra4+ 1/2-1/2

[Event "EU-chT Seniors 07th"]
[Site "Dresden"]
[Date "2005.02.23"]
[Round "6"]
[White "Chaikovskaia, Alla"]
[Black "Schenk, Dieter"]
[Result "1-0"]
[WhiteElo "2031"]
[BlackElo "2000"]
[EventDate "2005.02.18"]
[PlyCount "55"]

1.d4 d5 2.c4 e6 3.Nc3 c6 4.Nf3 dxc4 5.a4 Bb4 6.Bd2 b5 7.e3 a5 8.Ne5 Bb7 9.
Qg4 Qf6 10.Be2 Ne7 11.O-O Ng6 12.Ne4 Qe7 13.Bxb4 axb4 14.Nxg6 hxg6 15.Nc5 
Bc8 16.axb5 Rxa1 17.Rxa1 Qc7 18.Qg3 Qxg3 19.hxg3 O-O 20.bxc6 Nxc6 21.Bxc4 
Rd8 22.f3 Kf8 23.Kf2 Ke7 24.Bb5 Bd7 25.Nxd7 Kxd7 26.Rc1 Rc8 27.Ke2 Kd6 28.
Bxc6 1-0

[Event "EU-chT Seniors 07th"]
[Site "Dresden"]
[Date "2005.02.23"]
[Round "6"]
[White "Crombleholme, Alan"]
[Black "Mann, Klaus Dieter"]
[Result "1/2-1/2"]
[WhiteElo "2098"]
[BlackElo "2077"]
[EventDate "2005.02.18"]
[PlyCount "38"]

1.d4 Nf6 2.Nf3 g6 3.c4 Bg7 4.Nc3 d6 5.e4 O-O 6.Be2 e5 7.O-O Na6 8.d5 Nc5 
9.Qc2 a5 10.Be3 Ng4 11.Bg5 f6 12.Bc1 Bd7 13.b3 Nh6 14.Nd2 f5 15.Bb2 f4 16.
a3 b6 17.b4 Nb7 18.Nb5 Re8 19.Rfc1 Nf7 1/2-1/2

[Event "EU-chT Seniors 07th"]
[Site "Dresden"]
[Date "2005.02.23"]
[Round "6"]
[White "Duemmke, Juergen"]
[Black "Eis, Helko"]
[Result "1/2-1/2"]
[WhiteElo "2136"]
[BlackElo "2121"]
[EventDate "2005.02.18"]
[PlyCount "70"]

1.d4 Nf6 2.Nf3 d5 3.c4 c6 4.Nc3 e6 5.Bg5 Be7 6.e3 Nbd7 7.cxd5 exd5 8.Bd3 
Ne4 9.Bxe7 Qxe7 10.Qc2 Ndf6 11.O-O g6 12.Rab1 Nd6 13.b4 Bf5 14.Ne5 Nd7 15.
Nxd7 Bxd7 16.b5 O-O 17.a4 Rfe8 18.a5 Qg5 19.bxc6 bxc6 20.Kh1 h5 21.Na4 
Rad8 22.Qc5 Qf6 23.Qxa7 h4 24.Nc5 Bc8 25.Be2 h3 26.Bf3 Nf5 27.Qc7 Kg7 28.
Rb6 hxg2+ 29.Bxg2 Nd6 30.Qxc6 Rh8 31.Qxd5 Rh5 32.Qf3 Qg5 33.Rxd6 Rxd6 34.
Ne4 Qh4 35.Qg3 Qxg3 1/2-1/2

[Event "EU-chT Seniors 07th"]
[Site "Dresden"]
[Date "2005.02.23"]
[Round "6"]
[White "Edwards, Raymond"]
[Black "Schroeter, Helmut"]
[Result "1-0"]
[WhiteElo "2104"]
[BlackElo "1969"]
[EventDate "2005.02.18"]
[PlyCount "113"]

1.d4 Nf6 2.c4 e6 3.Nc3 Bb4 4.Bg5 c5 5.d5 d6 6.e3 h6 7.Bh4 e5 8.f3 Bxc3+ 9.
bxc3 Nbd7 10.Bd3 O-O 11.Ne2 Re8 12.e4 Nf8 13.Qd2 Ng6 14.Bf2 Nh5 15.Be3 
Qh4+ 16.g3 Qf6 17.Rf1 Bd7 18.O-O-O a6 19.f4 b5 20.f5 Nf8 21.g4 Nf4 22.Nxf4
exf4 23.Bxf4 bxc4 24.Bc2 Nh7 25.h4 Qd8 26.Qg2 f6 27.Rde1 Qa5 28.Kd2 Rab8 
29.Rb1 Qc7 30.Qg3 Rxb1 31.Rxb1 Qa5 32.Qe1 Qc7 33.Rb2 Rb8 34.Qb1 Rxb2 35.
Qxb2 Nf8 36.a4 Bc8 37.Qa2 Nd7 38.Qxc4 Ne5 39.Bxe5 fxe5 40.Qe2 Qe7 41.Qf2 
a5 42.Bd3 Qd8 43.Bb5 Qe7 44.Qg3 Kh7 45.g5 Kh8 46.Qg4 Qf8 47.Qh5 Kg8 48.Qg6
Kh8 49.Be8 Ba6 50.f6 gxf6 51.gxf6 Bc4 52.Bd7 Qg8 53.Qxh6+ Qh7 54.Qxh7+ 
Kxh7 55.f7 Kg7 56.Be8 Bf1 57.h5 1-0

[Event "EU-chT Seniors 07th"]
[Site "Dresden"]
[Date "2005.02.23"]
[Round "6"]
[White "Ehlert, Joachim"]
[Black "Packroff, Hermann"]
[Result "1/2-1/2"]
[WhiteElo "2031"]
[BlackElo "2262"]
[EventDate "2005.02.18"]
[PlyCount "31"]

1.e4 Nf6 2.e5 Nd5 3.d4 d6 4.exd6 cxd6 5.Nf3 g6 6.Bc4 Nb6 7.Bb3 Bg7 8.O-O 
O-O 9.h3 Nc6 10.c3 Bf5 11.Na3 Na5 12.Bc2 Qd7 13.Bxf5 Qxf5 14.Qe2 Qd7 15.
Bf4 Rac8 16.Rfe1 1/2-1/2

[Event "EU-chT Seniors 07th"]
[Site "Dresden"]
[Date "2005.02.23"]
[Round "6"]
[White "Eskandary, Jahja"]
[Black "Beltrami, Nerio"]
[Result "1-0"]
[WhiteElo "2146"]
[BlackElo "2089"]
[EventDate "2005.02.18"]
[PlyCount "125"]

1.e4 g6 2.Nc3 Bg7 3.Bc4 c6 4.d3 d6 5.a4 a5 6.Nge2 e5 7.f3 Qh4+ 8.g3 Qh3 9.
Kf2 Na6 10.Be3 Bh6 11.Qd2 Nb4 12.Rac1 Bxe3+ 13.Qxe3 Qd7 14.d4 Qe7 15.dxe5 
dxe5 16.Nb1 Kf8 17.Nd2 Kg7 18.Nb3 Nf6 19.c3 Na6 20.Rhd1 Nc7 21.Qb6 Be6 22.
Bxe6 Nxe6 23.Ra1 Ra6 24.Qe3 b6 25.Qd3 Ra7 26.Qc4 Rc7 27.Nec1 Nd7 28.Qe2 
Ndc5 29.Nxc5 Nxc5 30.Nd3 Nd7 31.Qd2 f5 32.exf5 e4 33.fxe4 Nf6 34.Kg1 Nxe4 
35.Qe3 gxf5 36.Nf4 Re8 37.Qxb6 Rb7 38.Qd4+ Kg8 39.Rab1 Ng5 40.Qc4+ Kf8 41.
Qxc6 Qe3+ 42.Kg2 Rb6 43.Qd5 Ne4 44.Qd4 Nf6 45.Qxe3 Rxe3 46.Nd5 Nxd5 47.
Rxd5 Re4 48.Kg1 Rf6 49.Rxa5 Kg7 50.Rf1 Kg6 51.Rf2 Re3 52.Rc5 h5 53.b4 Kg5 
54.Rc4 Re1+ 55.Rf1 Re2 56.b5 Ra2 57.Rb4 Re6 58.Rf2 Ra1+ 59.Kg2 Re3 60.b6 
Re8 61.b7 Rb8 62.Rb6 Rxa4 63.h4+ 1-0

[Event "EU-chT Seniors 07th"]
[Site "Dresden"]
[Date "2005.02.23"]
[Round "6"]
[White "Farrand, Julian"]
[Black "Landgraf, Siegfried"]
[Result "1/2-1/2"]
[WhiteElo "2216"]
[BlackElo "2161"]
[EventDate "2005.02.18"]
[PlyCount "26"]

1.d4 g6 2.e4 Bg7 3.Nc3 c6 4.Bc4 d6 5.Nf3 Nf6 6.h3 O-O 7.O-O Nxe4 8.Nxe4 d5
9.Bd3 dxe4 10.Bxe4 Nd7 11.c3 Nf6 12.Bc2 Be6 13.Re1 Re8 1/2-1/2

[Event "EU-chT Seniors 07th"]
[Site "Dresden"]
[Date "2005.02.23"]
[Round "6"]
[White "Flockhart, Hugh"]
[Black "Perk, Egbert"]
[Result "1/2-1/2"]
[WhiteElo "1934"]
[BlackElo "1980"]
[EventDate "2005.02.18"]
[PlyCount "34"]

1.e4 d6 2.d4 Nf6 3.Nc3 g6 4.Be3 Bg7 5.Qd2 O-O 6.Bh6 Nbd7 7.h4 e5 8.Bxg7 
Kxg7 9.Be2 c5 10.d5 h5 11.f3 a6 12.Nh3 b5 13.Nf2 b4 14.Ncd1 Nb6 15.Ne3 Bd7
16.g4 Rh8 17.Ng2 a5 1/2-1/2

[Event "EU-chT Seniors 07th"]
[Site "Dresden"]
[Date "2005.02.23"]
[Round "6"]
[White "Franz, Joachim"]
[Black "MacDonald Ross, Michael"]
[Result "1/2-1/2"]
[WhiteElo "2209"]
[BlackElo "2195"]
[EventDate "2005.02.18"]
[PlyCount "61"]

1.e4 c6 2.d4 d5 3.e5 Bf5 4.h4 h5 5.c4 e6 6.Nc3 Nd7 7.Bg5 f6 8.exf6 gxf6 9.
Be3 Qe7 10.Be2 Qf7 11.Nh3 Bg6 12.cxd5 exd5 13.Nf4 Bd6 14.Qb3 Nb6 15.Nxg6 
Qxg6 16.O-O-O Nh6 17.a4 Qf7 18.Rde1 O-O-O 19.Qc2 Kb8 20.Kb1 Ng4 21.a5 Nxe3
22.fxe3 Nc4 23.Bxc4 dxc4 24.Ref1 Rhg8 25.Ne4 Be7 26.Rf2 Qd5 27.Rhf1 Rg4 
28.Nxf6 Bxf6 29.Rxf6 Rxg2 30.Qf5 Rg4 31.Rf4 1/2-1/2

[Event "EU-chT Seniors 07th"]
[Site "Dresden"]
[Date "2005.02.23"]
[Round "6"]
[White "Hamm, Georg"]
[Black "Eyer, Karl"]
[Result "1-0"]
[WhiteElo "2166"]
[BlackElo "1889"]
[EventDate "2005.02.18"]
[PlyCount "67"]

1.Nf3 d6 2.d4 g6 3.e4 Bg7 4.Bc4 c5 5.O-O cxd4 6.Nxd4 Nc6 7.Nxc6 bxc6 8.Nc3
e6 9.Bf4 e5 10.Be3 Ne7 11.Qd2 O-O 12.Rfd1 Rb8 13.Bb3 d5 14.exd5 cxd5 15.
Nxd5 Nxd5 16.Bxd5 Qc7 17.c4 Bg4 18.f3 Bd7 19.Qf2 a6 20.Rd2 Qa5 21.Ba7 Bh6 
22.Re2 Rb3 23.Rxe5 Qa4 24.Qf1 Rxb2 25.Bc5 Bg7 26.Ree1 Rc8 27.Bf2 Rxa2 28.
Rxa2 Qxa2 29.Re7 Be6 30.Rxe6 Rb8 31.Re2 Qb3 32.Qe1 Bc3 33.Re8+ Kg7 34.Rxb8
1-0

[Event "EU-chT Seniors 07th"]
[Site "Dresden"]
[Date "2005.02.23"]
[Round "6"]
[White "Hampel, Johannes"]
[Black "Wade, Robert Graham"]
[Result "1-0"]
[WhiteElo "2188"]
[BlackElo "2164"]
[EventDate "2005.02.18"]
[PlyCount "51"]

1.d4 e6 2.c4 d5 3.Nc3 c5 4.cxd5 exd5 5.Nf3 Nc6 6.g3 Nf6 7.Bg2 Be7 8.O-O 
cxd4 9.Nxd4 O-O 10.Bg5 Be6 11.Rc1 h6 12.Be3 Ng4 13.Nxe6 fxe6 14.Bh3 h5 15.
Bxg4 hxg4 16.Qa4 d4 17.Rcd1 Bc5 18.Nb5 dxe3 19.Rxd8 exf2+ 20.Kg2 Raxd8 21.
Qxg4 Rf5 22.Nc3 Rd4 23.Qg6 Rf6 24.Qe8+ Kh7 25.Qh5+ Kg8 26.Qxc5 1-0

[Event "EU-chT Seniors 07th"]
[Site "Dresden"]
[Date "2005.02.23"]
[Round "6"]
[White "Harzer, Paul"]
[Black "Hagen, Horst"]
[Result "1/2-1/2"]
[WhiteElo "2123"]
[BlackElo "1926"]
[EventDate "2005.02.18"]
[PlyCount "41"]

1.d4 d5 2.e3 Nf6 3.Bd3 e6 4.Nd2 Nbd7 5.f4 c5 6.c3 Be7 7.Nh3 b6 8.O-O Bb7 
9.Nf2 Qc7 10.Qf3 h6 11.Re1 g6 12.Nf1 O-O-O 13.Bd2 Kb8 14.b4 Ka8 15.a4 c4 
16.Bc2 a6 17.b5 a5 18.e4 dxe4 19.Nxe4 Nxe4 20.Bxe4 Nf6 21.Bxb7+ 1/2-1/2

[Event "EU-chT Seniors 07th"]
[Site "Dresden"]
[Date "2005.02.23"]
[Round "6"]
[White "Haug, Kjell Martin"]
[Black "Dorsch, Baptist"]
[Result "1-0"]
[WhiteElo "1985"]
[BlackElo "1691"]
[EventDate "2005.02.18"]
[PlyCount "119"]

1.c4 e6 2.Nc3 d5 3.cxd5 exd5 4.d4 Nf6 5.Nf3 c6 6.e3 Bd6 7.h3 O-O 8.Bd3 h6 
9.O-O Be6 10.Ne5 Bxe5 11.dxe5 Nfd7 12.f4 f5 13.Ne2 g6 14.Nd4 Qe7 15.b3 Rf7
16.Nxe6 Qxe6 17.Qc2 Nf8 18.Bb2 Qe7 19.Rf3 Ne6 20.Rd1 Nd7 21.Rg3 Rg7 22.a3 
Ndc5 23.b4 Nxd3 24.Qxd3 Kh7 25.Rc1 a6 26.Rc2 Rag8 27.Rf3 Qf7 28.g4 Qe7 29.
Rg2 Rf8 30.Rfg3 Qf7 31.Bc3 Kg8 32.a4 Kh8 33.b5 axb5 34.axb5 cxb5 35.Qxd5 
Rd8 36.Qxb5 fxg4 37.hxg4 Rd1+ 38.Kh2 Qd7 39.Qc4 Rf7 40.Rf3 Kh7 41.Qb3 Qd5 
42.Qxd5 Rxd5 43.f5 gxf5 44.gxf5 Ng5 45.Rf4 Rc7 46.e6 Kg8 47.Rgf2 Kf8 48.
Rd2 Rb5 49.Bf6 Rc8 50.Bxg5 hxg5 51.Rff2 Ke7 52.Rd7+ Kf6 53.Rf7+ Ke5 54.e7 
Ra5 55.Rf8 Raa8 56.Rxc8 Rxc8 57.f6 Ke6 58.Kg3 Kf7 59.Kg4 Rc5 60.Rd2 1-0

[Event "EU-chT Seniors 07th"]
[Site "Dresden"]
[Date "2005.02.23"]
[Round "6"]
[White "Hecht, Hans Joachim"]
[Black "Vucenovic, Dragomir"]
[Result "1/2-1/2"]
[WhiteElo "2381"]
[BlackElo "2277"]
[EventDate "2005.02.18"]
[PlyCount "69"]

1.d4 Nf6 2.c4 e6 3.g3 d5 4.Nf3 dxc4 5.Qa4+ Bd7 6.Qxc4 Bc6 7.Bg2 Nbd7 8.Nc3
Be7 9.O-O O-O 10.Qd3 Bb4 11.a3 Bxc3 12.Qxc3 h6 13.b3 Nb6 14.Bb2 Be4 15.Nd2
Nfd5 16.Qc1 Bxg2 17.Kxg2 f5 18.Qc2 Nf6 19.Kg1 c6 20.Rae1 Qd5 21.f3 Rad8 
22.e4 fxe4 23.fxe4 Qh5 24.Nf3 Nbd7 25.Qg2 c5 26.d5 Rde8 27.d6 g5 28.Ne5 
Nxe5 29.Bxe5 Nd7 30.Bc3 Qg6 31.e5 Rxf1+ 32.Rxf1 Rf8 33.Qxb7 Rxf1+ 34.Kxf1 
Qd3+ 35.Kf2 1/2-1/2